Most Guessed Men's Tennis Champions A-Z - Statistics

General Stats
  • This quiz has been taken 48 times
  • The average score is 12 of 21
Answer Stats
letter latest player % Correct
A 2003 Andre Agassi
100%
F 2017 Roger Federer
100%
N 2017 Rafael Nadal
91%
D 2016 Novak Djokovic
89%
B 1981 Bjorn Borg
84%
M 2016 Andy Murray
82%
S 2002 Pete Sampras
78%
C 1983 Jimmy Connors
71%
W 2016 Stanislas Wawrinka
69%
E 1992 Stefan Edberg
69%
L 1990 Ivan Lendl
64%
H 2002 Lleyton Hewitt
58%
I 2001 Goran Ivanisevic
51%
R 2003 Andy Roddick
49%
K 2001 Gustavo Kuerten
47%
V 1979 Guillermo Vilas
40%
G 2004 Gaston Gaudio
24%
J 2002 Thomas Johansson
22%
O 1975 Manuel Orantes
16%
T 1977 Roscoe Tanner
16%
P 1976 Adriano Panatta
9%
No matching quizzes found
Score Distribution
Percent of People with Each Score
Percentile by Number Answered
Your Score History
You have not taken this quiz